000 00737nam a2200241Ia 4500
003 OSt
005 20220923212211.0
006 a|||||r|||| 00| 0
007 ta
008 220922b |||||||| |||| 00| 0 hin d
024 _a151,605
037 _cTextual
040 _aARTS
_cARTS
_bhin
041 _2hin
_ahin
082 _aDelta2xM72x, 152L3
100 _aअरविंद
245 0 _aअरविंद साहित्य
246 _aAravianda sāhitya
260 _aपाडिचेरी
_b श्री अरविंद आश्रम ट्रस्ट
_c1973
300 _a446 पृ.
_ccm.
942 _hDelta2xM72x, 152L3
_cTEXL
_2CC
999 _c307278
_d307278